Green Economy Focused on Eco-innovation

Na minha lista:
Detalhes bibliográficos
Autor principal: Pusztiová, Lea, 1994-
Formato: Capítulo de Livro
Idioma:inglês
Assuntos:
Tags: Adicionar Tag
Sem tags, seja o primeiro a adicionar uma tag!

MARC

LEADER 00000naa$a2200000$$$4500
001 0260433
005 20240502074126.2
041 0 |a eng 
044 |a SK 
245 1 0 |a Green Economy Focused on Eco-innovation  |c Lea Pusztiová 
610 2 0 |a ekológia 
610 2 0 |a inovácia 
610 2 0 |a ekonomika ekologická 
610 2 0 |a ochrana prostredia životného 
100 1 |a Pusztiová, Lea, 1994-